[Event "POL-chT DMP Ekstraliga 2019"]
[Site "Katowice"]
[Date "2019.08.28"]
[Round "1.10"]
[White "Gajewski, Grzegorz"]
[Black "Simacek, Pavel"]
[Result "1-0"]
[WhiteElo "2613"]
[BlackElo "2479"]
[Annotator "TA"]
[PlyCount "83"]
[EventDate "2019.08.28"]
[EventType "team-tourn"]
[EventCountry "POL"]
[SourceTitle "playchess.com"]
[Source "ChessBase"]
[SourceQuality "1"]

{[%evp 19,83,32,32,40,26,30,30,29,17,18,31,27,17,26,29,17,55,13,31,28,65,60,81,79,89,83,97,95,110,113,104,116,104,56,51,58,60,84,60,72,60,17,8,7,163,21,235,231,227,216,248,248,246,246,293,291,317,295,504,439,484,460,631,625,700,703]} 1. d4 Nf6 2. c4 e6 3. Nc3 d5 4. Nf3 dxc4 5. e3 a6 6. Bxc4 b5 7. Be2 Bb7 8. O-O c5 9. dxc5 Bxc5 10. Qxd8+ Kxd8 11. Nd2 {D27: Queen's Gambit Accepted: Classical main line: 7 e4!? and 7 a4} Nbd7 (11... Ke7 12. Nb3 Bb6 13. a4 b4 14. a5 Bc7 15. Na4 Nbd7 16. Bd2 Bd6 17. Rfc1 Rhc8 18. Nb6 Rxc1+ 19. Rxc1 Nxb6 20. axb6 {1-0 (31) Carlsen,M (2832)-So,W (2815) chess.com INT 2017}) 12. Nb3 Ke7 13. Na5 {[#] White has an edge.} Rab8 $146 ({Predecessor:} 13... Ra7 14. Nxb7 Rxb7 15. Bd2 Nb6 16. Rfc1 Bd6 17. Be1 Rc8 18. a4 Nxa4 19. Rxa4 bxa4 20. Bxa6 Rxc3 21. Bxc3 {½-½ (34) Swiercz,D (2622)-Bartel,M (2619) Chorzow 2013}) 14. Bd2 Ne4 15. Nxe4 Bxe4 16. Rfc1 Rhc8 17. a4 bxa4 18. Bc3 a3 19. bxa3 Bd6 20. f3 Bd5 {[#]} 21. e4 $1 {[%cal Re4d5]} (21. Bxa6 $6 Rxc3 22. Rxc3 Be5 $11) 21... Ba8 22. Bxa6 Rc7 23. a4 ({Much weaker is} 23. Bxg7 $6 Bc5+ 24. Kf1 Ra7 $11) 23... g5 24. Nc4 Bc5+ 25. Kf1 g4 26. Be1 {Bg3 is the strong threat.} gxf3 27. gxf3 {And now Bg3 would win.} Bd4 28. Rab1 Rxb1 29. Rxb1 Nc5 30. Bb5 {aiming for Rd1.} Nxa4 $1 31. Bb4+ Nc5 $2 (31... Kf6 $11) 32. Nb6 (32. Rc1 $18) 32... Bb7 $2 (32... Bc6 $11 {and Black has nothing to worry.} 33. Bxc6 Rxc6) 33. Rd1 $18 e5 {[#]} 34. Na4 $1 {Threatens to win with Nxc5.} Kf6 {[#]} 35. Rxd4 $1 {[%mdl 512]} exd4 36. Nxc5 Ke5 37. Nd3+ Ke6 38. Bc5 f5 $2 (38... Bc8 39. Ke2 Rb7) 39. Bc4+ {White is clearly winning.} Kf6 40. e5+ Kg5 41. f4+ Kg4 {and the idea ...Be4 leaves Black hopeful.} 42. e6 {Accuracy: White = 75%, Black = 32%.} 1-0

[Event "POL-chT DMP Ekstraliga 2019"]
[Site "Katowice"]
[Date "2019.08.28"]
[Round "1.11"]
[White "Bobras, Piotr"]
[Black "Gazik, Viktor"]
[Result "0-1"]
[WhiteElo "2488"]
[BlackElo "2537"]
[Annotator "TA"]
[PlyCount "74"]
[EventDate "2019.08.28"]
[EventType "team-tourn"]
[EventCountry "POL"]
[SourceTitle "playchess.com"]
[Source "ChessBase"]
[SourceQuality "1"]

{[%evp 9,74,-19,-21,-7,14,-35,-50,-51,-43,-58,-38,-84,-76,-80,-73,-60,-64,-79,-79,-54,-42,-49,-35,-75,-14,-53,-9,-47,0,0,19,0,0,0,29,0,-8,-129,-127,-118,-100,-123,-133,-147,-120,-118,-135,-114,-97,-130,-26,-35,-35,-33,-20,-20,-20,-2775,-305,-2655,-2465,-2130,-2037,-1463,-464,-29996,-29992]} 1. d4 Nf6 2. c4 e6 3. Nc3 Bb4 4. e3 b6 5. f3 O-O 6. e4 {E43: Nimzo-Indian: Rubinstein: 4...b6} d6 (6... d5 {with more complications.} 7. cxd5 exd5 8. e5 Nh5 9. Nge2 c5) (6... d5 7. e5 Nfd7 8. cxd5 exd5 9. a3 Bxc3+ 10. bxc3 c5 11. f4 Ba6 12. Bxa6 Nxa6 13. Nf3 b5 {1-0 (34) Aleksandrov,A (2577)-Moiseenko,A (2648) Almaty 2016}) 7. a3 Bxc3+ $1 8. bxc3 {Black is slightly better.} Nc6 $146 {[%cal Bb8c6,Bc6a5,Ba5c4][%mdl 32]} ({Predecessor:} 8... e5 9. Bd3 Nh5 10. Ne2 f5 11. exf5 Bxf5 12. Bxf5 Rxf5 13. Qd3 Rf8 14. O-O Nd7 15. f4 Qe7 {½-½ (15) Broekhuijse,P (1955)-Garner,D (2178) Cammeray 2010}) 9. Bg5 e5 10. d5 Na5 11. Bd3 c6 12. Ne2 Ba6 13. O-O {Black should prevent f4.} h6 $1 {[%cal Rh6g5]} 14. Bh4 g5 15. Bf2 Nxc4 {And now ...Nb2 would win.} 16. Ra2 cxd5 17. Ng3 $1 dxe4 18. fxe4 Kh7 {[#]} (18... d5 $5 {[%cal Rd5e4]} 19. Qf3 dxe4 20. Nxe4 Nd5 $15) 19. h4 $1 {[%mdl 512]} Rg8 (19... gxh4 20. Nf5) 20. Qf3 Rg6 21. Be1 g4 22. Qf2 h5 $1 23. Nxh5 (23. Ra1 $11) 23... Nxh5 $17 24. Qxf7+ {[%mdl 64] [#] Double Attack} Ng7 $1 25. h5 {[#]} Re6 $1 {White must now prevent ...Qg5.} 26. h6 Rxh6 ({Don't go for} 26... Kxh6 $2 27. g3 $18) 27. Bxc4 Bxc4 28. Qxc4 Rc8 29. Qd3 Rh5 ({Black should try} 29... Qe7 $17 30. Ra1 Rh8) 30. Qg3 $11 Qg5 {...Qh6 is the strong threat.} 31. Raf2 $1 Qh6 $36 {[%csl Gh6][%cal Rh5h1][%mdl 2048] Black has the initiative.} 32. Rf7 Kg8 {Threatens to win with ...Rh1+.} 33. R1f6 $2 {[%mdl 8192]} (33. Qxg4 $11 Rh1+ 34. Kf2 Kxf7 35. Rxh1 Qxh1 36. Qxc8) 33... Rh1+ $19 34. Kf2 {[#]} Qc1 $1 {[%csl Gh1][%cal Rc1e1][%mdl 64] Double Attack} 35. Ke2 Qc2+ 36. Bd2 Qxe4+ (36... Rc4 $142 37. Qe3 Rxe4) 37. Be3 (37. Qe3 $19 Qxg2+ 38. Rf2) 37... Rxc3 {Accuracy: White = 51%, Black = 60%.} 0-1

[Event "POL-chT DMP Ekstraliga 2019"]
[Site "Katowice"]
[Date "2019.08.28"]
[Round "1.12"]
[White "Socko, Monika"]
[Black "Kiolbasa, Oliwia"]
[Result "1/2-1/2"]
[WhiteElo "2436"]
[BlackElo "2244"]
[Annotator "TA"]
[PlyCount "104"]
[EventDate "2019.08.28"]
[EventType "team-tourn"]
[EventCountry "POL"]
[SourceTitle "playchess.com"]
[Source "ChessBase"]
[SourceQuality "1"]

{[%evp 11,104,0,0,0,7,0,0,0,12,3,20,-1,48,20,18,4,27,8,16,0,45,33,40,26,44,17,9,2,43,-43,0,0,0,0,0,0,0,0,0,0,0,0,0,0,0,-18,-12,-111,-123,-202,-174,-212,129,140,140,100,127,138,234,-29996,43,23,36,11,81,75,73,2,139,73,74,74,74,74,74,74,74,74,101,43,49,0,0,0,80,31,118,32,57,0,0,0,0,0,0]} 1. e4 e5 2. Nf3 Nc6 3. d4 exd4 4. Nxd4 Bc5 5. Nb3 Bb6 6. Nc3 Nf6 7. Qe2 $146 {C45: Scotch Game} (7. Bg5 h6 8. Bh4 d6 9. f3 g5 10. Bg3 a6 11. Qd2 Qe7 12. O-O-O Be6 13. Na4 Ba7 14. Na5 Nxa5 15. Qxa5 Nh5 16. Be1 {½-½ (49) Chigaev,M (2637)-Malakhov,V (2660) Sochi 2019}) 7... a5 8. a4 {Black should prevent e5.} O-O 9. Be3 Bxe3 10. Qxe3 Nb4 11. O-O-O Re8 12. f3 d5 13. g4 c6 14. g5 Nh5 15. f4 Qc7 16. e5 g6 17. Be2 Ng7 $1 18. h4 Bf5 19. Rd2 Ne6 20. Bd1 (20. Nd4 $1 $14) 20... Red8 21. h5 b5 22. hxg6 (22. axb5 $2 a4 $19) 22... fxg6 23. Nd4 (23. axb5 $2 a4 $19) 23... Nxd4 24. Qxd4 bxa4 25. Nxa4 {[%cal Bc3a4,Ba4c5,Bc5d7][%mdl 32]} Rab8 {...Na2+ is the strong threat.} 26. Rdh2 Rd7 {Strongly threatening ...Na2+.} 27. Nc5 Qb6 28. e6 Re7 29. Qe5 (29. Rd2 $11) 29... Rbe8 $1 $17 30. Rxh7 (30. Qd4 $17) 30... Rxh7 31. Rxh7 Kxh7 $2 (31... Nd3+ $1 $19 32. Nxd3 Kxh7) 32. Nd7 $36 {[%mdl 2048] White wants to mate with Nf6+. Keeping Black busy.} Rxe6 (32... Na2+ $2 33. Kb1 $1 $18 {[%mdl 512]}) 33. Nf8+ {[%mdl 64] Double Attack} ({Don't play} 33. Nxb6 $6 Rxe5 34. fxe5 Kg8 $11) 33... Kg8 34. Nxe6 {[%csl Ge6][%cal Re5g7]} Qa7 (34... Qb7 $16 {was called for.}) 35. Qf6 $4 {[%mdl 8192]} (35. Nd4 $18) 35... Qf7 $2 (35... Qe3+ {mates} 36. Kb1 Bxc2+ $1 {[%mdl 576] Back Rank} 37. Bxc2 Qg1+ 38. Bd1 Qxd1#) 36. Qd8+ Kh7 37. Qxa5 {Hoping for Nc5.} (37. Nd4 {is more complex.} Bg4 38. Qd6 Qe8 39. Qe5 Qxe5 40. fxe5 Bxd1 41. Kxd1 Kg8 42. Kd2) 37... Nd3+ (37... Qxe6 $11 {keeps the balance.} 38. Qxb4 Qe3+ 39. Qd2 Qg1) 38. cxd3 Bxe6 {[#]} 39. Qd2 (39. Qb4 $1 $16) 39... c5 {[#]} (39... Qa7 $1 $11) 40. d4 (40. Qe3 $142 $1) 40... c4 41. Qe3 Bf5 42. Bc2 Bxc2 43. Kxc2 {[%mdl 4096] Endgame KQ-KQ} Qd7 44. Kc1 Kg8 45. Qe5 (45. b3 $16) 45... Kh7 $14 46. Qf6 Qe8 47. Qe5 (47. Kd2 $11) 47... Qd7 $1 $16 48. Kb1 Qg4 ({Black should try} 48... Qh3 $1 $14) 49. Qe1 ({But not} 49. Qxd5 $6 Qd1+ 50. Ka2 Qb3+ 51. Kb1 Qd1+ 52. Ka2 Qb3+ 53. Kb1 Qd1+ $11) (49. Qe7+ $16 Kg8 50. Qe8+ Kg7 51. Qe5+ Kh7 52. Kc1 (52. Qxd5 Qd1+ 53. Ka2 Qb3+ 54. Kb1 Qd1+ 55. Ka2 Qb3+ 56. Kb1 Qd1+ $11)) 49... Qf3 50. Qd2 ({Better is} 50. Qe7+ $14 Kh8 51. Qf8+ Kh7 52. Qh6+ Kg8 53. Qxg6+ Kf8 54. Qd6+ Kf7 55. Qf6+ Kg8 56. Qe6+ Kf8 57. Qf5+ Ke7 58. Qf6+ Kd7 59. Qf7+ Kd6 60. Qf8+ Ke6 61. Qc8+ Kf7 62. Qf5+ Ke8 63. Qe6+ Kf8 64. Qf6+ Ke8 65. Qe6+ Kf8) 50... Kg7 $11 {The position is equal.} 51. Ka1 Kf7 52. Ka2 Qb3+ {Accuracy: White = 35%, Black = 48%.} 1/2-1/2

[Event "POL-chT DMP Ekstraliga 2019"]
[Site "Katowice"]
[Date "2019.08.28"]
[Round "1.13"]
[White "Tomczak, Jacek"]
[Black "Harikrishna, Pentala"]
[Result "1/2-1/2"]
[WhiteElo "2628"]
[BlackElo "2738"]
[Annotator "TA"]
[PlyCount "33"]
[EventDate "2019.08.28"]
[EventType "team-tourn"]
[EventCountry "POL"]
[SourceTitle "playchess.com"]
[Source "ChessBase"]
[SourceQuality "1"]

{[%evp 14,33,0,0,0,0,0,0,0,0,0,0,0,0,0,0,88,47,70,52,53,22]} 1. e4 c5 2. Nf3 Nc6 3. d4 cxd4 4. Nxd4 Nf6 5. Nc3 e5 6. Ndb5 d6 7. a4 a6 8. Na3 Bg4 {B33: Sicilian: Pelikan and Sveshnikov Variations} (8... Be6 9. Bc4 Rc8 10. Bxe6 fxe6 11. O-O Be7 12. Nc4 Nd4 13. Qd3 O-O 14. Be3 Qc7 15. Nd2 Nc6 16. Nb3 Nb4 17. Qd2 {0-1 (35) Zajic,M (2488)-Nenezic,M (2515) Skopje 2018}) 9. Be2 Bxe2 10. Qxe2 d5 {The position is equal.} 11. Bg5 dxe4 12. Nxe4 Qa5+ 13. c3 {[#] Nc4 is the strong threat.} Nxe4 14. Qxe4 Qc7 $146 (14... Bxa3 $1 $11 15. Rxa3 Qc7) ({Predecessor:} 14... Bxa3 15. Rxa3 f6 16. Be3 {1-0 (57) Leiner,R (2397)-Le Page,C (2361) ICCF email 2010}) 15. Nc4 $16 Be7 16. Bxe7 Qxe7 17. O-O 1/2-1/2

[Event "POL-chT DMP Ekstraliga 2019"]
[Site "Katowice"]
[Date "2019.08.28"]
[Round "1.14"]
[White "Bartel, Mateusz"]
[Black "Czarnota, Pawel"]
[Result "1-0"]
[WhiteElo "2612"]
[BlackElo "2532"]
[Annotator "TA"]
[PlyCount "81"]
[EventDate "2019.08.28"]
[EventType "team-tourn"]
[EventCountry "POL"]
[SourceTitle "playchess.com"]
[Source "ChessBase"]
[SourceQuality "1"]

{[%evp 13,81,0,40,49,37,40,49,50,61,-14,-20,-16,0,0,22,0,-16,-19,0,0,30,20,70,0,0,0,0,0,72,25,22,15,15,8,163,140,154,133,163,162,172,160,161,114,132,97,97,0,98,0,0,0,0,2,207,188,195,172,4694,454,29986,546,29987,546,544,539,505,495,473,460]} 1. e4 c5 2. Nf3 d6 3. d4 cxd4 4. Nxd4 Nf6 5. Nc3 Nc6 6. Bg5 e6 7. Qd3 a6 8. Nxc6 {B62: Sicilian: Richter-Rauzer: 6...e6: Unusual White 7th moves} bxc6 9. O-O-O {Black must now prevent e5.} Qa5 10. Qg3 {White is slightly better.} d5 (10... Rb8 11. Bc4 h6 12. Be3 Nd7 13. Bb3 c5 14. Bf4 e5 15. Bd2 Qc7 {1-0 (23) Paravyan,D (2627)-Stocek,J (2592) Prague 2019}) 11. Qf4 $146 (11. Kb1 $14) ({Predecessor:} 11. Be2 h6 12. Bd2 Qb6 13. Rhe1 Bd7 14. Bf3 d4 15. Na4 Qb5 {0-1 (34) Gandhi,A (2128)-Nair,S (1903) Mumbai 2018}) 11... Be7 $11 12. e5 Nd7 13. Bxe7 Kxe7 14. Bd3 (14. b4 Qa3+ 15. Kd2 a5 $17) 14... Rb8 15. Rhe1 h6 16. a3 Nc5 17. Re3 Bd7 18. Rf3 (18. Qg4 $14) 18... Be8 $1 19. Rg3 Kf8 $1 20. Qg4 g5 (20... Nxd3+ $11 21. cxd3 (21. Rdxd3 Rh7 $11) (21. Rgxd3 c5 $15) 21... Rh7) 21. h4 (21. f4 $5 {[%cal Rf4g5]}) 21... Qb6 22. b4 Nxd3+ 23. Rdxd3 c5 $2 (23... a5 $1 $11 {and Black is okay.}) 24. hxg5 cxb4 25. axb4 Qxb4 26. Rd4 $1 {[%cal Rd4b4]} Qa3+ 27. Kd2 Qc5 28. gxh6 Rxh6 29. Rf4 Rh1 30. Qg8+ Ke7 {[#]} 31. Rg7 (31. Rgf3 $1 $16 {[%cal Rf4f7]} Kd8 32. Rxf7 Qd4+ 33. Rd3 Qxe5 34. Re3 Qd4+ 35. Ke2) 31... Kd8 {And now ...Rc8 would win.} 32. Rgxf7 d4 33. Ne4 $1 {[%cal Re4c5]} Qa5+ $2 (33... Qxe5 $11 {and Black stays safe.} 34. Rf8 (34. Qf8 Qa5+ 35. Ke2 Re1+ 36. Kf3 Qh5+ {[%mdl 64] Double Attack} 37. Kg3 Qg6+ {[%mdl 64] Double Attack} 38. Kf3 Qh5+ 39. Kg3 Qg6+ {[%mdl 64] Double Attack} 40. Kf3 Qh5+ $11) 34... Kc7) 34. Ke2 $18 {Threatening mate with Qg5+.} Qxe5 {[#]} 35. Qf8 $1 $40 {[%mdl 640] White threatens Qe7+ and mate. White is out for blood.} d3+ $2 (35... Qb5+ 36. Kf3 Qh5+ 37. g4 Rh3+ 38. Ng3 {[%mdl 64] Discovered Attack} Qd5+ 39. Re4 Rb7 40. Rxb7 Qxb7) 36. Ke3 (36. Kd2 $142 {White wants to mate with Qe7+.} Rd1+ 37. Kxd1 dxc2+ 38. Kxc2 Rc8+ 39. Kd3) 36... Rh8 (36... Re1+ $18 37. Kd2 Rb7 38. Rxb7 dxc2 39. Kxc2 Rxe4 40. Qf6+ (40. Qe7+ Kc8 $14) 40... Kc8 41. Qxe5 Rxe5) 37. Qe7+ Kc8 {[#]} 38. Rf8 (38. Kd2 $142 $1 {[%mdl 512]} Qxf4+ 39. Rxf4 Rb6 40. Nd6+ Rxd6 41. Qxd6 {[%mdl 64] Double Attack} Kb7 42. Qxe6 Ka7 43. Qe7+ Kb8 44. Rf6) 38... dxc2 {( -> ...Rb3+). White is clearly winning.} 39. Qxe8+ $1 ({Wrong is} 39. Rxe8+ $2 Rxe8 40. Qxe8+ Kc7 $19) 39... Kb7 40. R4f7+ Kb6 41. Qxb8+ $1 {Accuracy: White = 60%, Black = 50%.} 1-0

[Event "POL-chT DMP Ekstraliga 2019"]
[Site "Katowice"]
[Date "2019.08.28"]
[Round "1.15"]
[White "Olszewski, Michal"]
[Black "Mastrovasilis, Dimitrios"]
[Result "1-0"]
[WhiteElo "2522"]
[BlackElo "2594"]
[Annotator "TA"]
[PlyCount "83"]
[EventDate "2019.08.28"]
[EventType "team-tourn"]
[EventCountry "POL"]
[SourceTitle "playchess.com"]
[Source "ChessBase"]
[SourceQuality "1"]

{[%evp 10,83,-5,-11,0,-18,-12,-8,-13,-9,0,0,0,-7,0,-6,-16,-19,5,-1,0,-8,0,-8,29,29,29,29,30,25,27,23,33,31,59,37,68,72,94,70,70,27,17,28,64,52,68,56,134,118,146,169,189,184,220,195,202,206,282,279,278,279,270,279,271,279,333,293,472,288,439,374,379,383,394,387]} 1. e4 e5 2. Nf3 Nc6 3. Bb5 Nf6 4. Qe2 Bc5 5. c3 O-O 6. d3 Re8 {C65: Ruy Lopez: Berlin Defence (3...Nf6), unusual lines and 4 0-0 Bc5} (6... h6 7. Nbd2 d6 8. O-O Ne7 9. d4 a6 10. dxc5 axb5 11. cxd6 Qxd6 12. Qxb5 Ng6 13. Re1 b6 14. Nc4 {0-1 (28) Hou,Y (2676)-Kramnik,V (2783) Dortmund 2015}) 7. Bg5 a6 8. Ba4 h6 {The position is equal.} 9. Bh4 Be7 10. Nbd2 Nh5 11. Bg3 Bf6 12. Nf1 d6 $146 ({Predecessor:} 12... Nxg3 13. hxg3 b5 14. Bb3 Na5 {1-0 (37) Tiviakov,S (2680)-Sulskis,S (2518) Calvia 2006}) 13. Ne3 Bd7 14. Nd5 Ne7 {aiming for ...Nxd5.} 15. Nxf6+ Nxf6 16. Bb3 Be6 17. Bxe6 fxe6 18. O-O Ng6 19. d4 exd4 20. cxd4 Qd7 21. Rac1 Qf7 22. Nd2 e5 23. d5 Re7 24. Rc3 Nf4 25. Bxf4 exf4 26. Qc4 Ng4 27. Qb3 b6 28. Qc2 Rd8 (28... b5 $14) 29. Nb3 $16 Rde8 30. h3 Nf6 31. f3 Nxd5 32. exd5 Re2 33. Qd3 R8e3 34. Qxa6 Rxb2 {[#]} 35. Rxe3 $1 fxe3 36. Qc8+ Kh7 {[#]} 37. Qe6 $1 {[%cal Re6f7]} Qh5 38. Qe4+ ({But not} 38. Qxe3 $6 Qxd5 39. Qc1 Qe5 $18) 38... Kh8 $2 (38... Qg6 {was worth a try.} 39. Qxg6+ Kxg6) 39. Qxe3 Rxa2 (39... Qxd5 $142 40. Rf2 Qd1+ 41. Kh2 Rxf2 42. Qxf2 Qd3) 40. Rd1 Qg6 {[%csl Ga2][%cal Rg6g2]} 41. Rd2 Ra3 {intending ...Qb1+.} 42. Kh2 {Accuracy: White = 66%, Black = 38%.} 1-0

[Event "POL-chT DMP Ekstraliga 2019"]
[Site "Katowice"]
[Date "2019.08.28"]
[Round "1.16"]
[White "Tazbir, Marcin"]
[Black "Warakomski, Tomasz"]
[Result "1-0"]
[WhiteElo "2521"]
[BlackElo "2497"]
[Annotator "TA"]
[PlyCount "87"]
[EventDate "2019.08.28"]
[EventType "team-tourn"]
[EventCountry "POL"]
[SourceTitle "playchess.com"]
[Source "ChessBase"]
[SourceQuality "1"]

{[%evp 20,103,44,29,52,17,25,19,37,32,68,9,31,10,52,47,56,60,54,54,58,56,63,41,35,35,42,41,41,41,60,54,85,70,93,90,123,122,131,117,126,128,121,118,147,146,140,120,117,114,202,197,349,312,329,327,297,137,208,120,127,0,200,215,436,436,420,420,469,416,365,0,494,387,502,486,941,933,921,868,29991,29987,29987,29988,29988,29972]} 1. e4 e5 2. Nf3 Nc6 3. Bb5 a6 4. Ba4 Nf6 5. O-O Be7 6. Re1 b5 7. Bb3 d6 8. c3 O-O 9. h3 Nd7 10. d4 Bf6 11. Be3 Nb6 {C92: Closed Ruy Lopez: 9...Be6, Karpov and Flohr-Zaitsev Variations} 12. Qd3 $146 ({Predecessor:} 12. a3 Na5 13. Ba2 Nac4 14. Bc1 Bb7 15. a4 bxa4 16. Bxc4 Nxc4 17. Rxa4 Nb6 18. Ra5 exd4 19. cxd4 {½-½ (45) Anand,V (2770)-Ivanchuk,V (2740) Monte Carlo 1998}) 12... Bb7 13. Nbd2 Re8 {The position is equal.} 14. Rad1 g6 15. Qb1 ({White should try} 15. dxe5 $14 dxe5 16. Qe2) 15... Qe7 16. a3 Nb8 {[%cal Bc6b8,Bb8d7,Bd7c5][%mdl 32]} 17. dxe5 dxe5 18. Bxb6 cxb6 19. Nf1 Nd7 20. Ne3 Nc5 21. Nd5 Bxd5 22. Bxd5 Rac8 23. Qc1 Rc7 24. Qe3 Bg7 25. h4 Qf8 26. g3 Bh6 27. Qe2 $1 Kg7 28. Ba2 Rd7 29. c4 bxc4 30. Rxd7 ({Don't take} 30. Bxc4 b5 $14) 30... Nxd7 31. Qxc4 ({But not} 31. Bxc4 b5 $14) 31... b5 32. Qc6 Nb8 33. Qb6 Qe7 34. Rd1 Rc8 (34... Qf6 $16 35. Qxf6+ Kxf6) 35. Kg2 $1 $18 f6 $2 (35... Qc7 36. Qxc7 Rxc7) 36. Rd3 Bc1 37. b4 Bb2 38. Bd5 (38. Rd6 $18 {is more deadly.}) 38... h5 {[#]} (38... Qd8 $16 39. Qe6 Qe8) 39. Qe3 (39. Ba2 $1 $18) 39... Bc1 40. Qb6 (40. Qe1 $16 {Black must now prevent Rc3.} Bh6 41. Qd1) 40... Bb2 {[#]} 41. Ba2 $1 Qc7 $2 (41... Bd4 42. Nxd4 exd4) 42. Qe6 Rf8 43. Rd2 Ba1 44. Rd6 {Played: Rd2-c2} 1-0

[Event "POL-chT DMP Ekstraliga 2019"]
[Site "Katowice"]
[Date "2019.08.28"]
[Round "1.17"]
[White "Kantans, Toms"]
[Black "Sadzikowski, Daniel"]
[Result "1/2-1/2"]
[WhiteElo "2490"]
[BlackElo "2502"]
[Annotator "ChessBase"]
[PlyCount "162"]
[EventDate "2019.08.28"]
[EventType "team-tourn"]
[EventCountry "POL"]
[SourceTitle "playchess.com"]
[Source "ChessBase"]
[SourceQuality "1"]
[TimeControl "40/5400+30:1800+30"]

1. e4 c5 {[%emt 0:00:00]} 2. Nf3 {[%emt 0:00:00]} d6 {[%emt 0:00:00]} 3. Bb5+ {[%emt 0:00:19]} Nd7 {[%emt 0:00:00]} 4. O-O {[%emt 0:00:12]} a6 {[%emt 0:00:00]} 5. Bd3 {[%emt 0:00:05]} Ngf6 {[%emt 0:03:10]} 6. Re1 {[%emt 0:00:35]} g6 {[%emt 0:01:37]} 7. c3 {[%emt 0:01:56]} Bh6 {[%emt 0:00:19]} 8. a4 {[%emt 0:17:29]} Ne5 {[%emt 0:14:38]} 9. Nxe5 {[%emt 0:03:32]} dxe5 {[%emt 0:00:03]} 10. Bc4 {[%emt 0:00:11]} O-O {[%emt 0:05:37]} 11. Na3 {[%emt 0:06:11]} Qb6 {[%emt 0:07:21]} 12. d3 {[%emt 0:07:05]} Bg4 {[%emt 0:04:16]} 13. Qc2 {[%emt 0:02:30]} Bxc1 {[%emt 0:00:10]} 14. Qxc1 {[%emt 0:00:05]} Rad8 {[%emt 0:03:23]} 15. Qg5 {[%emt 0:06:54]} Be6 {[%emt 0:04:15]} 16. Qxe5 {[%emt 0:25:59]} Nd7 {[%emt 0:03:30]} 17. Qg5 {[%emt 0:00:06]} Qxb2 {[%emt 0:00:59]} 18. Rec1 {[%emt 0:02:36]} Bxc4 {[%emt 0:13:32]} 19. Nxc4 {[%emt 0:00:40]} Qe2 {[%emt 0:00:05]} 20. Rd1 {[%emt 0:01:25]} Qc2 {[%emt 0:01:13]} 21. Rac1 {[%emt 0:09:16]} Qxa4 {[%emt 0:00:49]} 22. Qxe7 {[%emt 0:00:22]} Rde8 {[%emt 0:15:12]} 23. Qh4 {[%emt 0:01:14]} b5 {[%emt 0:02:46]} 24. Ne3 {[%emt 0:00:46]} b4 {[%emt 0:02:37]} 25. Ra1 {[%emt 0:04:08]} Qc6 {[%emt 0:02:09]} 26. Nd5 {[%emt 0:00:54]} Qd6 {[%emt 0:00:05]} 27. cxb4 {[%emt 0:01:03]} cxb4 {[%emt 0:00:06]} 28. Rdb1 {[%emt 0:01:04]} Rb8 {[%emt 0:03:47]} 29. d4 {[%emt 0:00:19]} b3 {[%emt 0:04:21]} 30. Qe7 {[%emt 0:01:26]} Qxe7 {[%emt 0:00:38]} 31. Nxe7+ {[%emt 0:00:02]} Kg7 {[%emt 0:00:45]} 32. f3 {[%emt 0:01:42]} Rb7 {[%emt 0:03:58]} 33. Nc6 {[%emt 0:04:52]} b2 {[%emt 0:02:47]} 34. Rxa6 {[%emt 0:00:48]} Nb8 {[%emt 0:01:22]} 35. Ra7 {[%emt 0:00:57]} Rb6 {[%emt 0:00:17]} 36. Ne7 {[%emt 0:00:41]} Rd8 {[%emt 0:01:09]} 37. Ra2 {[%emt 0:00:31]} Nc6 {[%emt 0:01:02]} 38. Nd5 {[%emt 0:00:25]} Rb3 {[%emt 0:00:20]} 39. Rbxb2 {[%emt 0:00:20]} Rxb2 {[%emt 0:00:09]} 40. Rxb2 {[%emt 0:00:00]} Nxd4 {[%emt 0:00:00]} 41. Kf2 {[%emt 0:04:24]} h5 {[%emt 0:00:14]} 42. h4 {[%emt 0:03:55]} Ne6 {[%emt 0:00:16]} 43. Ne3 {[%emt 0:04:46]} Nf4 {[%emt 0:01:18]} 44. Ra2 {[%emt 0:00:39]} Rc8 {[%emt 0:00:20]} 45. Kg3 {[%emt 0:01:19]} Ne6 {[%emt 0:00:14]} 46. Nd5 {[%emt 0:01:19]} Rb8 {[%emt 0:00:14]} 47. Ra7 {[%emt 0:02:17]} Rb3 {[%emt 0:01:53]} 48. Ne7 {[%emt 0:01:44]} Rc3 {[%emt 0:02:23]} 49. Ra8 {[%emt 0:00:38]} Rc7 {[%emt 0:01:40]} 50. Nd5 {[%emt 0:03:14]} Rb7 {[%emt 0:00:11]} 51. Rc8 {[%emt 0:01:35]} Rb3 {[%emt 0:04:30]} 52. Kh2 {[%emt 0:01:23]} Rd3 {[%emt 0:02:04]} 53. Ra8 {[%emt 0:00:55]} Rd2 {[%emt 0:02:01]} 54. Ra5 {[%emt 0:02:42]} Rc2 {[%emt 0:02:49]} 55. Kg3 {[%emt 0:01:40]} Nd4 {[%emt 0:01:30]} 56. Ra3 {[%emt 0:02:13]} Ne2+ {[%emt 0:01:50]} 57. Kh3 {[%emt 0:00:45]} Nd4 {[%emt 0:02:41]} 58. Rd3 {[%emt 0:00:43]} Ne6 {[%emt 0:00:30]} 59. Kg3 {[%emt 0:00:11]} Re2 {[%emt 0:00:26]} 60. Ne3 {[%emt 0:00:20]} Ra2 {[%emt 0:00:57]} 61. Nc4 {[%emt 0:00:02]} Rxg2+ {[%emt 0:00:47]} 62. Kxg2 {[%emt 0:00:11]} Nf4+ {[%emt 0:00:04]} 63. Kf2 {[%emt 0:00:16]} Nxd3+ {[%emt 0:00:05]} 64. Ke3 {[%emt 0:00:49]} Nc5 {[%emt 0:01:55]} 65. f4 {[%emt 0:01:03]} Kf6 {[%emt 0:00:52]} 66. Kd4 {[%emt 0:00:32]} Ne6+ {[%emt 0:00:05]} 67. Ke3 {[%emt 0:00:03]} Nc5 {[%emt 0:00:42]} 68. Nd2 {[%emt 0:01:47]} Ke7 {[%emt 0:00:57]} 69. Nf3 {[%emt 0:00:16]} Ne6 {[%emt 0:00:38]} 70. Nd2 {[%emt 0:01:50]} Nc7 {[%emt 0:00:32]} 71. Nf1 {[%emt 0:00:05]} Ke6 {[%emt 0:02:09]} 72. Ng3 {[%emt 0:00:26]} Nb5 {[%emt 0:00:18]} 73. Ne2 {[%emt 0:01:18]} Nd6 {[%emt 0:01:21]} 74. Nd4+ {[%emt 0:00:09]} Ke7 {[%emt 0:00:28]} 75. e5 {[%emt 0:00:19]} Nf5+ {[%emt 0:03:13]} 76. Nxf5+ {[%emt 0:00:05]} gxf5 {[%emt 0:00:01]} 77. Kd3 {[%emt 0:02:07]} Kd7 {[%emt 0:00:12]} 78. Kc4 {[%emt 0:00:15]} Kc8 {[%emt 0:00:11]} 79. Kd5 {[%emt 0:00:39]} Kd7 {[%emt 0:00:05]} 80. Kc5 {[%emt 0:00:03]} Kc7 {[%emt 0:00:08]} 81. Kd5 {[%emt 0:00:08]} Kd7 {[%emt 0:00:05] Ke4} 1/2-1/2